000 00836nac a22002537a 4500
001 BR7500960
003 BR-BrBNA
005 20240105113840.0
008 230509b bl.|||m| |||| 00| 0 por d
040 _aBR-BrBNA
_bpor
_cBiblioteca Nacional de Agricultura
072 _aF00; E70
090 _a1530 BR7500960
100 1 _aSantos, J.F.
110 1 _aAssociacao de Credito e Assistencia Rural, Belo Horizonte, MG (Brasil)
_9511
245 1 _aAlguns aspectos da cultura da cenoura (Daucus carota, L.)[pratica cultural, comercializacao, Brasil]
260 3 _aBelo Horizonte, MG (Brasil):
_c1975.
300 _a54 p.
490 _aInformacoes ACAR (Brazil)
_v
_x
500 _a11 tables; 4 graphs
650 _aCENOURA
650 _aPRATICA CULTURAL
909 _a202312
_bLúcia Elande
_c55
_dLúcia Elande
942 _2AGRIS
_n0
_cMS
999 _c265925
_d265925